Escola elemental : (Record no. 181910)

MARC details
000 -LEADER
campo de control de longitud fija 00736nam a2200241 i 4500
001 - NÚMERO DE CONTROL
campo de control 181910
003 - IDENTIFICADOR DE NÚMERO DE CONTROL
campo de control ES-MaACL
005 - FECHA Y HORA DE LA ÚLTIMA TRANSACCIÓN
campo de control 20231019171646.0
008 - DATOS DE LONGITUD FIJA--INFORMACIÓN GENERAL
campo de control de longitud fija 130506s2008 sp | |||||||| | cat d
020 ## - NÚMERO INTERNACIONAL ESTÁNDAR DEL LIBRO
Número Internacional Estándar del Libro 978-84-96393-33-2
080 ## - NÚMERO DE LA CLASIFICACIÓN DECIMAL UNIVERSAL
Número de la Clasificación Decimal Universal 821.134.1-14"19"
100 1# - ENTRADA PRINCIPAL--NOMBRE DE PERSONA
Nombre de persona Plaza, Carmen.
9 (RLIN) 145185
245 10 - MENCIÓN DEL TÍTULO
Título Escola elemental :
Resto del título poesia /
Mención de responsabilidad, etc. Carmen Plaza.
250 ## - MENCION DE EDICION
Mención de edición 1ª ed.
260 ## - PUBLICACIÓN, DISTRIBUCIÓN, ETC.
Lugar de publicación, distribución, etc. Barcelona :
Nombre del editor, distribuidor, etc. Comte d'Aure,
Fecha de publicación, distribución, etc. 2008.
300 ## - DESCRIPCIÓN FÍSICA
Extensión 63 p. ;
Dimensiones 21 cm.
490 1# - MENCIÓN DE SERIE
Mención de serie La Garonne ;
Designación de volumen o secuencia 17
830 0# - PUNTO DE ACCESO ADICIONAL DE SERIE-TÍTULO UNIFORME
Título uniforme La Garonne ;
Designación de volumen o secuencia 17
9 (RLIN) 191700
852 ## - LOCALIZACIÓN
Ubicación ES-MaACL
Número de control de estantería A-12600
itemnumber 188818
Sublocalización o colección R.148635
Ubicación en estantería Depósito 1
Signatura antigua Olim: N-5603
Encuadernación Donación: Carmen Plaza
903 ## - NOMBRE PERSONAL DE DONANTE
9 145185
a Plaza, Carmen
e Donante
942 ## - ELEMENTOS DE ENTRADA SECUNDARIOS (KOHA)
Fuente del sistema de clasificación o colocación Clasificación decimal universal
Tipo de ítem Koha Libro impreso
Holdings
Estatus retirado Estado de pérdida Fuente del sistema de clasificación o colocación Estado de daño No para préstamo Biblioteca de origen Biblioteca actual Ubicación en estantería Fecha de adquisición Fuente de adquisición Total de préstamos Signatura topográfica completa Código de barras Visto por última vez Precio de reemplazo Tipo de ítem Koha
    Clasificación decimal universal     Biblioteca del Ateneo de Madrid Biblioteca del Ateneo de Madrid Depósito 1 06/05/2013 Donación   A-125600 1191168 23/02/2023 23/02/2023 Libro impreso